| 000 | 00957nas a2200337 4500 | ||
|---|---|---|---|
| 001 | BR0601830 | ||
| 003 | BR-BrBNA | ||
| 005 | 20231205105954.0 | ||
| 007 | ta | ||
| 008 | 230509b bl.|||p| |||| 00| 00por d | ||
| 040 |
_aBR-BrBNA _bpor _cBiblioteca Nacional de Agricultura |
||
| 041 | _a(Pt) | ||
| 072 | _aP35 | ||
| 100 | 1 | _aAlves, V.M.C. | |
| 100 | 1 | _aPitta, G.V.E. | |
| 100 | 1 | _aParentoni, S.N. | |
| 100 | 1 | _aSchaffert, R.E. | |
| 100 | 1 | _aCoelho, A.M. | |
| 100 | 1 | _aMagalhães, J.V. de | |
| 245 | 1 | _aToxidez por alumínio e hidrogênio no crescimento de raízes de milho | |
| 650 | _aMILHO | ||
| 650 | _aGRÃO | ||
| 650 | _aRAÍZ | ||
| 650 | _aFERTILIDADE DO SOLO | ||
| 650 | _aTOXIDEZ | ||
| 650 | _aSOLO ÁCIDO | ||
| 650 | _aALUMÍNIO | ||
| 773 | 0 |
_tRevista Brasileira de Milho e Sorgo (Brazil) _xISSN 1676-689X _g(May-Aug 2004), v. 3(2) p. 311-318 _wBR0601830 |
|
| 909 |
_a202311 _bLúcia _c55 _dLúcia Elande |
||
| 942 |
_2AGRIS _n0 _cANA |
||
| 999 |
_c185622 _d185622 |
||